Kausalität und normative Verantwortlichkeitszuordnung im Rahmen der außervertraglichen Haftung der Europäischen Union

Saved in:
Bibliographic Details
Main Author: Grzeszick, Bernd (Author)
Format: Chapter/Article
Language:German
Published: 2011
In: Staat, Verwaltung und Rechtsschutz
Year: 2011, Pages: 739-757
Subjects:
Online Access: Get full text
Author Notes:von Bernd Grzeszick

MARC

LEADER 00000caa a2200000 c 4500
001 1423074009
003 DE-627
005 20240705172610.0
007 tu
008 111114s2011 xx ||||| 00| ||ger c
035 |a (DE-627)1423074009 
035 |a (DE-576)353074004 
035 |a (DE-599)BSZ353074004 
035 |a (OCoLC)1340402641 
040 |a DE-627  |b ger  |c DE-627  |e rda 
041 |a ger 
084 |a 19  |2 sdnb 
100 1 |a Grzeszick, Bernd  |d 1965-  |e VerfasserIn  |0 (DE-588)124359442  |0 (DE-627)085810606  |0 (DE-576)175518599  |4 aut 
245 1 0 |a Kausalität und normative Verantwortlichkeitszuordnung im Rahmen der außervertraglichen Haftung der Europäischen Union  |c von Bernd Grzeszick 
264 1 |c 2011 
300 |a 19 
336 |a Text  |b txt  |2 rdacontent 
337 |a ohne Hilfsmittel zu benutzen  |b n  |2 rdamedia 
338 |a Band  |b nc  |2 rdacarrier 
689 0 0 |d b  |0 (DE-588)5103273-9  |0 (DE-627)148804160  |0 (DE-576)194765962  |a Europäischer Gerichtshof  |2 gnd 
689 0 1 |d s  |0 (DE-588)4115710-2  |0 (DE-627)105812242  |0 (DE-576)209495456  |a Rechtsprechung  |2 gnd 
689 0 2 |d b  |0 (DE-588)5098525-5  |0 (DE-627)132918269  |0 (DE-576)194702391  |a Europäische Union  |2 gnd 
689 0 3 |d s  |0 (DE-588)4071521-8  |0 (DE-627)106097458  |0 (DE-576)209184256  |a Fusionskontrolle  |2 gnd 
689 0 4 |d s  |0 (DE-588)4001804-0  |0 (DE-627)106395661  |0 (DE-576)208844406  |a Amtshaftung  |2 gnd 
689 0 5 |d s  |0 (DE-588)4030102-3  |0 (DE-627)106271709  |0 (DE-576)208985654  |a Kausalität  |2 gnd 
689 0 |5 (DE-627) 
773 0 8 |i Enthalten in  |t Staat, Verwaltung und Rechtsschutz  |d Berlin : Duncker & Humblot, 2011  |g (2011), Seite 739-757  |h 1376 Seiten  |w (DE-627)668319410  |w (DE-576)350592608  |z 3428134680  |z 9783428834686  |z 9783428134687  |7 nnam  |a Kausalität und normative Verantwortlichkeitszuordnung im Rahmen der außervertraglichen Haftung der Europäischen Union 
773 1 8 |g year:2011  |g pages:739-757  |g extent:19  |a Kausalität und normative Verantwortlichkeitszuordnung im Rahmen der außervertraglichen Haftung der Europäischen Union 
889 |w (DE-627)834475979 
935 |i mdedup 
951 |a AR 
990 |a Kausalität 
990 |a Amtshaftung 
990 |a Fusionskontrolle 
990 |a Europäische Union 
990 |a Rechtsprechung 
990 |a Europäischer Gerichtshof 
992 |a 20131009 
993 |a BookComponentPart 
994 |a 2011 
998 |g 124359442  |a Grzeszick, Bernd  |m 124359442:Grzeszick, Bernd  |d 20000  |d 21200  |e 20000PG124359442  |e 21200PG124359442  |k 0/20000/  |k 1/20000/21200/  |p 1  |x j  |y j 
999 |a KXP-PPN1423074009  |e 2769206842 
BIB |a Y 
JSO |a {"relHost":[{"id":{"isbn":["3428134680","9783428834686","9783428134687"],"eki":["668319410"]},"disp":"Kausalität und normative Verantwortlichkeitszuordnung im Rahmen der außervertraglichen Haftung der Europäischen UnionStaat, Verwaltung und Rechtsschutz","name":{"displayForm":["hrsg. von Peter Baumeister ..."]},"note":["Bibliogr. W.-R. Schenke S. [1355] - 1369"],"type":{"bibl":"edited-book"},"origin":[{"dateIssuedDisp":"2011","publisher":"Duncker & Humblot","publisherPlace":"Berlin","dateIssuedKey":"2011"}],"recId":"668319410","part":{"year":"2011","extent":"19","text":"(2011), Seite 739-757","pages":"739-757"},"physDesc":[{"noteIll":"Portr.","extent":"1376 Seiten"}],"language":["ger"],"title":[{"title_sort":"Staat, Verwaltung und Rechtsschutz","title":"Staat, Verwaltung und Rechtsschutz","subtitle":"Festschrift für Wolf-Rüdiger Schenke zum 70. Geburtstag"}],"person":[{"role":"edt","given":"Peter","display":"Baumeister, Peter","family":"Baumeister"},{"family":"Schenke","display":"Schenke, Wolf-Rüdiger","given":"Wolf-Rüdiger","role":"hnr"}],"relMultPart":[{"id":{"zdb":["500656-9"],"issn":["0582-0200"],"eki":["130092630"]},"titleAlt":[{"title":"SöR"}],"pubHistory":["1.1958 -"],"disp":"Schriften zum öffentlichen Recht","origin":[{"dateIssuedKey":"1958","dateIssuedDisp":"1958-","publisher":"Duncker & Humblot","publisherPlace":"Berlin"}],"note":["969.2004 ohne Zusatz"],"type":{"bibl":"serial"},"dispAlt":"Schriften zum öffentlichen Recht","recId":"130092630","part":{"number_sort":["1196"],"number":["1196"]},"language":["ger"],"title":[{"title_sort":"Schriften zum öffentlichen Recht","title":"Schriften zum öffentlichen Recht","subtitle":"SöR"}]}]}],"recId":"1423074009","title":[{"title_sort":"Kausalität und normative Verantwortlichkeitszuordnung im Rahmen der außervertraglichen Haftung der Europäischen Union","title":"Kausalität und normative Verantwortlichkeitszuordnung im Rahmen der außervertraglichen Haftung der Europäischen Union"}],"type":{"bibl":"chapter"},"person":[{"display":"Grzeszick, Bernd","family":"Grzeszick","role":"aut","given":"Bernd"}],"origin":[{"dateIssuedDisp":"2011","dateIssuedKey":"2011"}],"language":["ger"],"name":{"displayForm":["von Bernd Grzeszick"]},"physDesc":[{"extent":"19 S."}],"id":{"eki":["1423074009"]}} 
SRT |a GRZESZICKBKAUSALITAE2011